UM Logo

An even simpler proof of the right-hand rule/ (Record no. 13322)

MARC details
000 -LEADER
fixed length control field 00755nam a2200181 4500
008 - FIXED-LENGTH DATA ELEMENTS--GENERAL INFORMATION
fixed length control field 190301b ||||| |||| 00| 0 eng d
022 ## - INTERNATIONAL STANDARD SERIAL NUMBER
International Standard Serial Number 0746-8342
082 ## - DEWEY DECIMAL CLASSIFICATION NUMBER
Classification number DPer 510.5 C697 Jan 2012-Sept 2015 v. 43 & 46, n. 1-4
100 ## - MAIN ENTRY--PERSONAL NAME
Personal name Thurschwell, Eric.
9 (RLIN) 37238
245 ## - TITLE STATEMENT
Title An even simpler proof of the right-hand rule/
Statement of responsibility, etc. Eric Thurschwell, edited by Ricardo Alfaro, Lixing Han and Kenneth Schilling.
260 ## - PUBLICATION, DISTRIBUTION, ETC. (IMPRINT)
Place of publication, distribution, etc. Washington D. C.:
Name of publisher, distributor, etc. Mathematical Association of America,
Date of publication, distribution, etc. ©Jul 2012-Sept 2015.
300 ## - PHYSICAL DESCRIPTION
Extent v43 n3, pages 215-217:
Other physical details Illustrations;
Dimensions 25 cm.
650 ## - SUBJECT ADDED ENTRY--TOPICAL TERM
Topical term or geographic name as entry element Trigonometry.
9 (RLIN) 37239
700 ## - ADDED ENTRY--PERSONAL NAME
Personal name Alfaro, Ricardo
Relator term Editor.
9 (RLIN) 37240
700 ## - ADDED ENTRY--PERSONAL NAME
Personal name Han, Lixing
Relator term Editor.
9 (RLIN) 37241
700 ## - ADDED ENTRY--PERSONAL NAME
Personal name Schilling, Kenneth
Relator term Editor.
9 (RLIN) 37242
942 ## - ADDED ENTRY ELEMENTS (KOHA)
Source of classification or shelving scheme Dewey Decimal Classification
Koha item type Periodicals
Holdings
Withdrawn status Lost status Source of classification or shelving scheme Damaged status Not for loan Collection code Home library Current library Date acquired Total Checkouts Full call number Date last seen Price effective from Koha item type Public note
    Dewey Decimal Classification     Periodicals UM Digos College - LIC UM Digos College - LIC 03/01/2019   DPer 510.5 C697 Jan 2012-Sept 2015 v. 43 & 46, n. 1-4 03/01/2019 03/01/2019 Periodicals Periodical article